01389nam a2200193Ia 4500008004100000020001500041050001900056100002800075240008900103245014400192260003300336300001800369490003100387500009700418500014500515505042500660650006501085650004501150120626s1989 sp 000 0 spa d a8475095291 aLB2910bB3518  aBall, Stephen J.eautor aThe micro-politics of the school. Towards a theory of school organizationlespañol aLa micropolítica de la escuelab: Hacia una teoría de la organización escolar c/ Stephen J., Ball; traducción de Néstor Míguez aEspañab: Paidósc, 1989 a301 páginas aTemas de educaciónv: 12 aTítulo original: The micro-politics of the school. Towards a theory of school organization aIncluye: Sumario, Prólogo, Nota ´previa, Agradecimientos, Introducción, Glosario, Bibliografía, Indice de autores, Indice analítico aOrtodoxia y alternativa La política de cambio: algunos estudios de casos La edad y el sexo: el cambio rencoroso La política de liderazgo La dirección: oposición y control La actividad directiva: la sucesión en la dirección y sus dilemas La política de la carrera La carrera de las mujeres y la política sexista Recursos y relaciones Dentro y fuera: la escuela en el contexto político  0aEDUCACIÓN MEDIA SUPERIORxADMINISTRACIÓNzGRAN BRETAÑA 0aADMINISTRACIÓN ESCOLARxGRAN BRETAÑA